| 000 | 00547nam a22002057a 4500 | ||
|---|---|---|---|
| 005 | 20240513111355.0 | ||
| 008 | 240513b |||||||| |||| 00| 0 eng d | ||
| 082 |
_a618.3 _bJAM-H |
||
| 100 | _aJames D.K | ||
| 245 |
_aHigh Risk Pregnancy Management Options / _cJames D.K, P.J Steer , C P Weiner, B Gonik |
||
| 250 | _a3rd ed. | ||
| 300 |
_a1790 p. : _bill; _c27 cm. |
||
| 490 | _vvol 1 | ||
| 500 | _aInclude index . | ||
| 650 | _aMedical / Gynaecology | ||
| 700 | _aP.J Steer | ||
| 700 | _a C P Weiner | ||
| 700 | _aB Gonik | ||
| 999 |
_c35753 _d35753 |
||